<?xml version="1.0" encoding="UTF-8"?>
<record
    xmlns:xsi="http://www.w3.org/2001/XMLSchema-instance"
    xsi:schemaLocation="http://www.loc.gov/MARC21/slim http://www.loc.gov/standards/marcxml/schema/MARC21slim.xsd"
    xmlns="http://www.loc.gov/MARC21/slim">

  <leader>01277nam a22002537a 4500</leader>
  <controlfield tag="001">38587</controlfield>
  <controlfield tag="003">BD-RjUL</controlfield>
  <controlfield tag="005">20211209052826.0</controlfield>
  <controlfield tag="008">160720s1921    ii ||||| |||| 00| 0 ben d</controlfield>
  <datafield tag="035" ind1=" " ind2=" ">
    <subfield code="a">(BD-RjUL)38695</subfield>
  </datafield>
  <datafield tag="040" ind1=" " ind2=" ">
    <subfield code="a">BD-RjUL</subfield>
    <subfield code="b">ben </subfield>
    <subfield code="c">BD-RjUL</subfield>
  </datafield>
  <datafield tag="041" ind1=" " ind2=" ">
    <subfield code="a">ben</subfield>
  </datafield>
  <datafield tag="082" ind1=" " ind2=" ">
    <subfield code="2">23</subfield>
    <subfield code="a">294.59214</subfield>
    <subfield code="b">YAJ 1921</subfield>
  </datafield>
  <datafield tag="245" ind1="1" ind2="0">
    <subfield code="a">&#x9AF;&#x99C;&#x9C1;&#x9B0;&#x9CD;&#x9AC;&#x9CD;&#x9AC;&#x9C7;&#x9A6;-&#x9B8;&#x982;&#x9B9;&#x9BF;&#x9A4;&#x9BE; :</subfield>
    <subfield code="b">&#x995;&#x9C3;&#x9B7;&#x9CD;&#x9A3;-&#x9AF;&#x99C;&#x9C1;&#x9B0;&#x9CD;&#x9AC;&#x9CD;&#x9AC;&#x9C7;&#x9A6; &#x9A4;&#x9C8;&#x9A4;&#x9CD;&#x9A4;&#x9BF;&#x9B0;&#x9C0;&#x9AF;&#x9BC; -&#x9B8;&#x982;&#x9B9;&#x9BF;&#x9A4;&#x9BE; /</subfield>
    <subfield code="c">&#x9A6;&#x9C1;&#x9B0;&#x9CD;&#x997;&#x9BE;&#x9A6;&#x9BE;&#x9B8; &#x9B2;&#x9BE;&#x9B9;&#x9BF;&#x9A1;&#x9BC;&#x9C0; &#x9B6;&#x9B0;&#x9CD;&#x9AE;&#x9CD;&#x9AE;&#x9A3;&#x9BE; &#x9B8;&#x9AE;&#x9CD;&#x9AA;&#x9BE;&#x9A6;&#x9BF;&#x9A4;</subfield>
    <subfield code="n">&#x9B7;&#x9B7;&#x9CD;&#x9A0; &#x996;&#x9A3;&#x9CD;&#x9A1;</subfield>
  </datafield>
  <datafield tag="260" ind1=" " ind2=" ">
    <subfield code="a">&#x9B9;&#x9BE;&#x993;&#x9A1;&#x9BC;&#x9BE; :</subfield>
    <subfield code="b">&#x9A7;&#x9C0;&#x9B0;&#x9C7;&#x9A8;&#x9CD;&#x9A6;&#x9CD;&#x9B0;&#x9A8;&#x9BE;&#x9A5; &#x9B2;&#x9BE;&#x9B9;&#x9BF;&#x9A1;&#x9BC;&#x9C0; &#x9B6;&#x9B0;&#x9CD;&#x9AE;&#x9CD;&#x9AE;&#x9A3;&#x9BE;,</subfield>
    <subfield code="c">&#x9E7;&#x9EF;&#x9E8;&#x9E7;.</subfield>
  </datafield>
  <datafield tag="300" ind1=" " ind2=" ">
    <subfield code="a">&#x9ED;&#x9E8;&#x9EC; &#x9AA;&#x9C3;. ;</subfield>
    <subfield code="c">&#x9E8;&#x9EB; &#x9B8;&#x9C7;&#x9AE;&#x9BF;.</subfield>
  </datafield>
  <datafield tag="500" ind1=" " ind2=" ">
    <subfield code="a">" &#x9AC;&#x9BE;&#x982;&#x9B2;&#x9BE; &#x9B2;&#x9BF;&#x9AA;&#x9BF;&#x9A4;&#x9C7; &#x9B8;&#x982;&#x9B8;&#x9CD;&#x995;&#x9C3;&#x9A4; &#x9AD;&#x9BE;&#x9B7;&#x9BE;&#x9AF;&#x9BC; &#x9B2;&#x9BF;&#x996;&#x9BF;&#x9A4;"  </subfield>
  </datafield>
  <datafield tag="500" ind1=" " ind2=" ">
    <subfield code="a">"&#x9AA;&#x9C1;&#x9A0;&#x9BF;&#x9AF;&#x9BC;&#x9BE; &#x9B0;&#x9BE;&#x99C;&#x9AC;&#x9BE;&#x9A1;&#x9BC;&#x9BF; &#x9A5;&#x9C7;&#x995;&#x9C7; &#x9B8;&#x982;&#x997;&#x9C3;&#x9B9;&#x9C0;&#x9A4;"</subfield>
  </datafield>
  <datafield tag="505" ind1=" " ind2=" ">
    <subfield code="a"> &#x996;&#x9A3;&#x9CD;&#x9A1; &#x9EC; -- </subfield>
  </datafield>
  <datafield tag="650" ind1=" " ind2=" ">
    <subfield code="a">&#x9AF;&#x99C;&#x9C1;&#x9B0;&#x9CD;&#x9AC;&#x9C7;&#x9A6;</subfield>
    <subfield code="9">119076</subfield>
  </datafield>
  <datafield tag="650" ind1=" " ind2=" ">
    <subfield code="a">Yajurveda</subfield>
    <subfield code="9">119077</subfield>
  </datafield>
  <datafield tag="700" ind1=" " ind2=" ">
    <subfield code="a">&#x9B6;&#x9B0;&#x9CD;&#x9AE;&#x9CD;&#x9AE;&#x9A3;&#x9BE; , &#x9A6;&#x9C1;&#x9B0;&#x9CD;&#x997;&#x9BE;&#x9A6;&#x9BE;&#x9B8; &#x9B2;&#x9BE;&#x9B9;&#x9BF;&#x9A1;&#x9BC;&#x9C0;,  &#x9B8;&#x9AE;&#x9CD;&#x9AA;&#x9BE;.</subfield>
    <subfield code="9">119078</subfield>
  </datafield>
  <datafield tag="942" ind1=" " ind2=" ">
    <subfield code="2">ddc</subfield>
    <subfield code="c">RAR</subfield>
  </datafield>
  <datafield tag="999" ind1=" " ind2=" ">
    <subfield code="c">38587</subfield>
    <subfield code="d">38587</subfield>
  </datafield>
  <datafield tag="952" ind1=" " ind2=" ">
    <subfield code="0">0</subfield>
    <subfield code="1">0</subfield>
    <subfield code="2">ddc</subfield>
    <subfield code="4">0</subfield>
    <subfield code="7">1</subfield>
    <subfield code="8">NFIC</subfield>
    <subfield code="a">RUCL</subfield>
    <subfield code="b">RUCL</subfield>
    <subfield code="c">Rare</subfield>
    <subfield code="d">1955-12-22</subfield>
    <subfield code="e">Puthia Rajbari</subfield>
    <subfield code="g">0.00</subfield>
    <subfield code="l">0</subfield>
    <subfield code="o">BRA 294.59214 YAJ V-6 1921</subfield>
    <subfield code="r">2016-01-17 00:00:00</subfield>
    <subfield code="t">C-1</subfield>
    <subfield code="w">2021-12-09</subfield>
    <subfield code="y">RAR</subfield>
  </datafield>
</record>
